|
|
|
|
| LEADER |
00000nam0a2200000 4500 |
| 001 |
305323 |
| 005 |
20231102001805.0 |
| 010 |
|
|
|a 9785919212256
|
| 035 |
|
|
|a (RuTPU)RU\TPU\book\330591
|
| 090 |
|
|
|a 305323
|
| 100 |
|
|
|a 20150925d2015 e y0rusy50 ca
|
| 101 |
0 |
|
|a rus
|
| 102 |
|
|
|a RU
|
| 105 |
|
|
|a y z 000ay
|
| 200 |
1 |
|
|a Княжна Дубровина
|e повесть
|f Е. Тур
|
| 210 |
|
|
|a Москва
|c ЭНАС-КНИГА
|d 2015
|
| 215 |
|
|
|a 320 с.
|
| 225 |
1 |
|
|a Дорога к счастью
|
| 330 |
|
|
|a Сентиментальная повесть «Княжна Дубровина» принадлежит перу писательницы XIX века Евгении Тур, широко известной в русских литературных кругах и весьма ценимой современниками.
|
| 606 |
1 |
|
|a Русская литература, дореволюционная
|2 stltpush
|3 (RuTPU)RU\TPU\subj\26371
|9 50314
|
| 610 |
1 |
|
|a проза
|
| 610 |
1 |
|
|a повести
|
| 610 |
1 |
|
|a 19 век
|
| 675 |
|
|
|a Р1
|v 4
|
| 700 |
|
1 |
|a Тур
|b Е.
|g Евгения
|
| 801 |
|
1 |
|a RU
|b 63413507
|c 20150925
|
| 801 |
|
2 |
|a RU
|b 63413507
|c 20151118
|g RCR
|
| 942 |
|
|
|c BK
|
| 959 |
|
|
|a 122/20150924
|d 1
|e 304,00
|f ХФ:1
|